| 000 | 01296nam a2200289 a 4500 | ||
|---|---|---|---|
| 003 | OSt | ||
| 005 | 20230823093031.0 | ||
| 007 | cr ||||||a|c|a | ||
| 008 | 230726s2022 mx a|||fom||| 001 0 spa d | ||
| 040 | _erda | ||
| 100 | 1 |
_9187681 _aLara Reimers, David Jonathan |
|
| 245 | 1 | 0 |
_aOptimización para la red de comercialización en la cadena productiva forestal de la zona Monte Alto, Estado de México / _cpor David Jonathan Lara Reimers; director de tesis David García Cintora. |
| 264 | 1 |
_aChapingo, México : _bEl autor, _c2022. |
|
| 300 |
_a1 recurso en línea (102 páginas). _bcuadros, figuras. |
||
| 336 |
_2rdacontent _atexto _btxt |
||
| 337 |
_2rdamedia _acomputadora _bc |
||
| 338 |
_2rdacarrier _arecurso en línea _bcr |
||
| 502 |
_bIF _cDICIFO _d2022. _gLIC |
||
| 504 | _aIncluye referencias bibliográficas: páginas 71-75. | ||
| 650 | 4 |
_969640 _aMadera aserrada _xMercadeo _xMéxico (Edo.) |
|
| 650 | 4 |
_9187682 _aMadera en rollo _xMercadeo |
|
| 650 | 4 |
_992063 _aProductos forestales _xAspectos económicos |
|
| 650 | 4 |
_969634 _aMadera _xTransporte _xCostos |
|
| 700 | 1 |
_945867 _aGarcía Cíntora, David _eDirector de tesis. |
|
| 856 |
_uhttp://10.13.5.2/tesis/tl/1511297-5_LARA_REIMERS_DAVID_JONATHAN.pdf _zDESCARGAR PDF |
||
| 942 |
_2Clasificación Universidad Autónoma Chapingo _cTD |
||
| 999 |
_c219075 _d219075 |
||